Countries From The First Half of the Alphabet - Statistics

General Stats
  • This quiz has been taken 84 times
  • The average score is 4 of 6
Answer Stats
Country % Correct
Mali
75%
Chile
66%
Fiji
62%
Chad
53%
Gambia
49%
Jamaica
44%
No matching quizzes found
Score Distribution
Percent of People with Each Score
Percentile by Number Answered
Your Score History
You have not taken this quiz